1447 1919 1062 1023 1101 1326 1519 1747 1885 1059 1209 1185 1953 1435 1198 1793 1676 1443 1381 1111 1598 1632 1944 1395 1070 1081 1354 1022 1136 1407 1255 1982 1911 1670 1891 1775 1218 1605 1785 1992 1455 1134 1340 1116 1614 1812 1724 1800 1217 1927 1250 1596 1107 1632 1200 1747 1696 1465 1036 1513 1104 1519 1118 1462 1788 1443 1089 1507 1239 1088 1762 1094 1715 1494 1140 1402 1331 1072 1240 1785 1923 1066 1266 1208 1713 1945 1130 1933 1600 1598 1433 1985 1922 1214 1592 1189 1226 1527 1829 BCNSPRNW ULIB Ver.6.0+V

เปลี่ยนเป็นภาษาไทย

Change to English
 แสดงรายละเอียดบรรณานุกรม
  กลับหน้าหลัก

Brief Record : Get Marc (ISO 2709) : E-mail record : QR code < ปิดหน้าต่าง
LEADER : 00000nam 2200000uu 4500
001    13399114734
003     ULIB
008    120508s2548||||th 000 0 tha d
099    ^aวจ.WY18.5^bอ555ค
100 0  ^aอัมพร ยานะ
245 00 ^aความพึงพอใจของผู้ใช้บัณฑิตหลักสูตรพยาบาลศาสตร์บัณฑิต วิทยาลัยพยาบาลบรมราชชนนี พะเยา/^cอัมพร ยานะ, วัชรี ไชยจันดี และ บำเพ็ญ คำดี
260    ^aพะเยา :^bวิทยาลัยพยาบาลบรมราชชนนี พะเยา,^c2548
300    ^a89 หน้า :^bตาราง
500    ^aรายงานการวิจัย
650  7 ^aผู้สำเร็จการศึกษาพยาบาล^xวิจัย
650  7 ^aความพึงพอใจ^xวิจัย
700    ^aวัชรี ไชยนจันดี
700    ^aบำเพ็ญ คำดี
710 2  ^aวิทยาลัยพยาบาลบรมราชชนนี. ^bพะเยา
945    ^p0^l0^i031737
995    ^a เกษร
999    ^aใช้งานได้ทุกระบบ
รายการนี้ยังไม่มีแท็ก
คุณยังไม่ได้ล็อกอิน คุณสามารถมีกิจกรรมร่วมกับเว็บไซต์ได้ แต่ต้องล็อกอินก่อน ::
  ล็อกอิน

รายการสื่อสารสนเทศ

ลำดับที่ ประเภท เลขเรียก/บาร์โค้ด สถานที่ สถานะ
1. วิทยาศาสตร์การแพทย์ และสุขภาพ
วิทยาศาสตร์การแพทย์ และสุขภาพ
วจ.WY18.5 อ555ค  
  Barcode: 031737
ห้องสมุดวิทยาเขตสวรรค์ประชารักษ์
►วิจัย
บนชั้น

รายการใกล้เคียง
    ผู้แต่ง [อัมพร ยานะ]

BibComment


ยังไม่เคยถูกคอมเมนท์

คอมเมนท์ทรัพยากรรายการนี้
  คอมเมนท์: ความพึงพอใจของผู..


 Copyright 2026. Bcnsprnw @Library